| 000 | 00814cam a2200241 4500 | ||
|---|---|---|---|
| 001 | ABS61550 | ||
| 008 | 000000n1999 000 0 eng u | ||
| 035 | _a(Sirsi) u102252 | ||
| 100 | _aAllen, J. | ||
| 245 | _aOne solution to social exclusion | ||
| 260 | _c1999 | ||
| 490 |
_aBuilding Intelligence _vNovember 1999, 8-9(2) |
||
| 520 | _aDiscusses the idea of mixed tenure housing in the context of an area of council housing in Central London. Suggests that mixed income neighbourhoods such as this can lead to social problems such as increased crime levels amongst the young. | ||
| 590 | _aABS | ||
| 650 | _aSOCIAL HOUSING | ||
| 650 | _aMIXED TENURE | ||
| 650 | _aRIGHT-TO-BUY | ||
| 650 | _aCOUNCIL HOUSING | ||
| 650 | _aSOCIAL EXCLUSION | ||
| 650 | _aLONDON | ||
| 690 | _aHOUSING | ||
| 942 | _n0 | ||
| 999 |
_c61285 _d61285 |
||